| 000 | 00870nam a2200217 4500 | ||
|---|---|---|---|
| 008 | 170712b xxu||||| |||| 00| 0 eng d | ||
| 020 | _a1-56637-113-9 | ||
| 082 |
_21995 _aDC 370.113 _bW18l |
||
| 100 |
_921141 _aWanat, John A. |
||
| 245 |
_aLearning for earning : _byour route to success / _cJohn A. Wanat, E. Weston Pfeiffer, Richard Van Gulik |
||
| 250 | _aTeacher's wraparound ed. | ||
| 260 |
_aSouth Holland, Illinois : _bGoodheart-Wilcox, _c©1995 |
||
| 300 |
_a362 pages: _bcolor illustrations; _c26 cm. |
||
| 500 | _aIncludes index. | ||
| 650 | 0 |
_921145 _aVocational guidance -- Study and teaching (Secondary) |
|
| 650 | 0 |
_921146 _aCareer education -- Study and teaching (Secondary) |
|
| 650 | 0 |
_921147 _aFinance, Personal -- Study and teaching (Secondary) |
|
| 700 |
_921148 _aPfeiffer, E. Weston. |
||
| 700 |
_921149 _aVan Gulik, Richard. |
||
| 942 |
_2ddc _cDC |
||
| 999 |
_c6994 _d6994 |
||